000 00727nam a22002417a 4500
999 _c12745
_d12745
003 MIRAKIL
005 20211214000607.0
008 190217b tu ||||| |||| 00| 0 tur d
020 _a9789944148849
040 _aTR-AnCHP
_cTR-AnCHP
041 _atur
082 _a320.9561
_bA93d 2015
100 1 _aAyhan, Veysel
245 1 0 _aDarbe oyunu /
_cVeysel Ayhan.
260 _aİstanbul :
_bAlkım Yayınevi,
_c2015.
300 _a400 s.:
_bres.,
_c21 sm.
490 0 _aAlkım Yayınevi;
_aSyaset;
_v101.
600 1 4 _94737
_aErdoğan, Recep Tayyip
_xyaşamöyküsü
650 0 _aSiyaset ve yönetim
_xTürkiye
_99
650 0 _95195
_aOrdu-devlet ilişkileri
_xTürkiye
650 0 _9333
_aDarbeler
_xTürkiye
942 _2ddc
_cBKS